Chilean Cities - Sudden Death - Statistics

General Stats
  • This quiz has been taken 96 times
  • The average score is 10 of 15
Answers on the Grid
Answers color-coded by a green-red scale on the quiz's grid according to % correct below.
Santiago
Antofagasta
Rancagua
Cali
Reynosa
Concepción
Punta Arenas
Coronel
Chiguayante
La Granja
Chillán
Talca
Ñuñoa
Puente Alto
Quilpué
Linares
Hualpén
Belo Horizonte
Ayacucho
Potosí
Catamarca
Guayaquil
Barquisimeto
Managua
Comayagua
Villahermosa
Plano
Hermosillo
Iquitos
David
Chinandega
Ibagué
 
Answer Stats
Answer % Correct
Punta Arenas
84%
Santiago
79%
Antofagasta
78%
Concepción
76%
Chillán
73%
Quilpué
68%
Rancagua
67%
Puente Alto
63%
Talca
62%
Ñuñoa
56%
Hualpén
54%
La Granja
51%
Linares
51%
Coronel
49%
Chiguayante
40%
No matching quizzes found
Score Distribution
Percent of People with Each Score
Percentile by Number Answered
Your Score History
You have not taken this quiz